Loading...
| Fine Arts - Classical Music | 5 | 16.00 | 100% | 60% | 0% |
| Fine Arts - Other Fine Arts | 5 | 18.00 | 100% | 60% | 20% |
| Fine Arts - Visual Fine Arts | 2 | 15.00 | 100% | 50% | 0% |
| Geography/Current Events | 3 | 10.00 | 100% | 0% | 0% |
| History - American History | 4 | 7.50 | 75% | 0% | 0% |
| History - European History | 4 | 17.50 | 100% | 50% | 25% |
| History - Other History | 3 | 16.67 | 100% | 67% | 0% |
| History - World History | 5 | 14.00 | 100% | 20% | 20% |
| Literature - American Literature | 4 | 10.00 | 75% | 25% | 0% |
| Literature - British Literature | 6 | 10.00 | 67% | 0% | 33% |
| Literature - European Literature | 5 | 12.00 | 80% | 40% | 0% |
| Literature - World/Other Literature | 4 | 12.50 | 100% | 0% | 25% |
| Mythology | 6 | 20.00 | 100% | 33% | 67% |
| Philosophy | 5 | 14.00 | 80% | 60% | 0% |
| Pop Culture | 1 | 30.00 | 100% | 100% | 100% |
| Religion | 2 | 10.00 | 100% | 0% | 0% |
| Science - Biology | 5 | 10.00 | 60% | 40% | 0% |
| Science - Chemistry | 6 | 13.33 | 67% | 50% | 17% |
| Science - Other Science | 5 | 12.00 | 80% | 20% | 20% |
| Science - Physics | 5 | 16.00 | 80% | 60% | 20% |
| Social Science | 3 | 16.67 | 100% | 67% | 0% |